Arsenal squad 2021/22 - Statistics

General Stats
  • This quiz has been taken 72 times
  • The average score is 19 of 22
Answer Stats
# Position Nation Player % Correct
7 FW England Bukayo Saka
100%
3 DF Scotland Kieran Tierney
100%
5 MF Ghana Thomas Partey
100%
9 FW France Alexandre Lacazette
98%
6 DF Brazil Gabriel
98%
8 MF Norway Martin Ødegaard
98%
Manager Manager Spain Mikel Arteta
98%
1 GK Germany Bernd Leno
97%
34 MF Switzerland Granit Xhaka
95%
25 MF Egypt Mohamed Elneny
94%
4 DF England Ben White
92%
32 GK England Aaron Ramsdale
91%
35 FW Brazil Gabriel Martinelli
89%
19 FW Côte d'Ivoire Nicholas Pépé
89%
10 MF England Emile Smith Rowe
88%
18 DF Japan Takehiro Tomiyasu
88%
16 DF England Rob Holding
75%
17 DF Portugal Cédric Soares
73%
30 FW England Eddie Nketiah
70%
23 MF Belgium Albert Sambi Lokonga
66%
20 DF Portugal Nuno Tavares
53%
33 GK England Arthur Okonkwo
16%
No matching quizzes found
Score Distribution
Percent of People with Each Score
Percentile by Number Answered
Your Score History
You have not taken this quiz